Esperança e medo (Record no. 1975)
[ view plain ]
| 000 -Etiqueta do registo | |
|---|---|
| Valores | 00818nam a2200265 4500 |
| 010 ## - Número ISBN | |
| ISBN | 9789897029158 |
| 021 ## - Número do Depósito Legal | |
| Código do país | Portugal |
| Número | 509210/22 |
| 100 ## - Dados gerais de processamento | |
| Dados gerais | 20251118d2023 m||y0pory50030103ba |
| 101 ## - Língua de publicação | |
| Língua | Português |
| 102 ## - País de publicação | |
| País | Portugal |
| 200 ## - Titulo e menção de responsabilidade | |
| Título próprio | Esperança e medo |
| Informação de outro título | dois conceitos de liberdade |
| Primeira menção de responsabilidade | Isaiah Berlin |
| Outras menções de responsabilidade | trad. Jorge Pereirinha Pires, Maria José Batista |
| 205 ## - Menção da edição | |
| Edição | 1ª edição |
| 210 ## - Publicação | |
| Local de publicação | Lisboa |
| Nome do editor | Guerra & Paz |
| Data de publicação | 2023 |
| 215 ## - Descrição física | |
| Paginação / Volumes | 199, [1] p. |
| Dimensões | 23 cm |
| 225 ## - Colecção | |
| Título próprio da colecção | Os livro não se rendem |
| 300 ## - Notas gerais | |
| Texto da nota | BMB-Registado |
| 606 ## - Nome comum usado como assunto | |
| ID Autoridade | 1903 |
| Palavra de ordem | Teoria e filosofia do poder |
| 675 ## - CDU | |
| Notação | 321.01 |
| Edição | BMB |
| Língua | por |
| 700 ## - Autor principal (pessoa individual) | |
| Apelido | Berlin |
| Nome | Isaiah |
| Datas | 1909-1997 |
| ID Autoridade | 2842 |
| 702 ## - Autor secundário (pessoa individual) | |
| Apelido | Pires |
| Nome | Jorge Pereirinha |
| Datas | 1961- |
| Função | Tradutor |
| ID Autoridade | 1223 |
| 702 ## - Autor secundário (pessoa individual) | |
| Apelido | Batista |
| Nome | Maria José |
| Datas | 1983- |
| Função | Tradutor |
| ID Autoridade | 2844 |
| 801 ## - Fonte de origem | |
| País | PT |
| Agência | BMB |
| Regras de catalogação | RPC |
| 990 ## - Elementos KOHA | |
| Tipo de documento | Livro |
| Situação do levantamento | Estado | Número | Biblioteca de origem | Código de barras | Cota | Permissão de empréstimo | Tipo de documento | Forma de aquisição |
|---|---|---|---|---|---|---|---|---|
| 1 | Biblioteca Municipal de Borba | 1924 | 321.01 BER / ESP | Livro | Oferta |